Shoes ; the workers and the industry /

Bibliographic Details
Main Author: Davis, Horace B.
Format: Book
Language:English
Published: New York : International publishers, [1940]
Series:Labor and industry series.
Subjects:

MARC

Tag First Indicator Second Indicator Subfields
LEADER 00000cam a2200000 4500
001 in00000068302
005 20151008051950.0
008 780124s1940 nyu 00000 eng
010 |a  40032382  
035 |a (OCoLC)03578053 
035 |9 AAH0976AM 
040 |a DLC  |c TLM  |d TXA  |d UtOrBLW 
049 |a TXAM  |c [174599] 
050 0 |a HD9787.U45  |b D3 
082 0 |a 331.768531 
092 |a 331.768531  |b D262s 
100 1 |a Davis, Horace B. 
245 1 0 |a Shoes ;  |b the workers and the industry /  |c by Horace B. Davis. 
264 1 |a New York :  |b International publishers,  |c [1940] 
264 4 |c [©1940] 
300 |a 256 pages :  |b plates. ;  |c 21 cm. 
336 |a text  |b txt  |2 rdacontent 
337 |a unmediated  |b n  |2 rdamedia 
338 |a volume  |b nc  |2 rdacarrier 
490 1 |a Labor and industry series 
650 0 |a Shoes  |x Trade and manufacture  |z United States. 
650 0 |a Working class  |z United States  |y 1914- 
650 0 |a Labor movement  |z United States  |y 1914- 
650 0 |a Labor  |z United States  |y 1914- 
830 0 |a Labor and industry series. 
999 |a MARS 
999 f f |s 7c0c03af-3000-344b-8f29-664bd06637b7  |i 4130d310-0ca4-3bbc-9ee2-6f583d37ff5a  |t 0 
952 f f |p ric  |a Texas A&M University  |b Rellis Campus  |c Joint Library Facility  |d Remote Storage  |t 0  |e HD9787.U45 D3  |h Library of Congress classification  |i unmediated -- volume  |m A14800720885 
998 f f |a HD9787.U45 D3  |t 0  |l Remote Storage